Movies Quiz

Random Movies or Decade Quiz

Ruined By A Letter: Movies (2000s) Quiz Stats

 Plays Quiz Updated May 11, 2018

Score 0/25 Timer 04:00
3 Plays Today
% Correct
N
96.7%
C
96.5%
P
96.5%
V
96.4%
M
96.3%
F
96.2%
R
96.1%
U
95.6%
H
95.5%
L
94.9%
G
94%
W
93.1%
J
92.5%
% Correct
I
92.1%
T
91.5%
E
90.6%
D
89.9%
A
89.5%
X
88.9%
B
88.8%
Y
85.6%
S
84.8%
K
81.5%
O
79.7%
Z
72.5%

You're not logged in!

Compare scores with friends on all Sporcle quizzes.
OR
Log In

You Might Also Like...

Show Comments

Extras

Top Quizzes Today


Score Distribution

Your Account Isn't Verified!

In order to create a playlist on Sporcle, you need to verify the email address you used during registration. Go to your Sporcle Settings to finish the process.

Report this User

Report this user for behavior that violates our Community Guidelines.

Details: